Stručný nárys tatranské turistiky a státních lázní na Slovensku

Bibliographic Details
Main Author: Mrázek, Vojtěch, 1864-1925 (Author)
Format: Book
Language:Czech
PhysicalDescription:22 strán, 1 rozkladacia mapa fotografie, ilustrácie, mapy 23 cm
Published: V Praze Ministerstvo veřejného zdravotnictví a tělesné výchovy 1920
Subjects:

MARC

LEADER 00000cam a2200000 a 4500
001 vtls008386457
003 SK-MaSNL
005 20260426010000.0
008 010505s1920 xr ob fr2 o000 0 cze
015 |a SNBA19191938-001288 
020 |q (brožované) 
035 |a SK01SNKBIKKM20010078674 
035 |a SKM000081137 
040 |a SNK  |b slo  |c SNK  |e AACR2 
041 0 |a cze 
043 |a e-xo--- 
044 |a xr  |c CZ 
072 7 |a 796  |x Šport. Hry. Telesné cvičenia  |2 konspekt 
072 7 |a 615.8  |x Fyzioterapia. Psychoterapia. Alternatívna medicína  |2 konspekt 
080 |a 796.524  |2 2011 
080 |a 615.838  |2 2011 
080 |a (437.6)  |2 2011 
080 |a (048.8)  |2 2011 
080 |a (04)  |2 2011 
100 1 |a Mrázek, Vojtěch,  |d 1864-1925  |4 aut  |9 255745 
245 1 0 |a Stručný nárys tatranské turistiky a státních lázní na Slovensku  |c nastínil: Vojtěch Mrázek 
260 |a V Praze  |b Ministerstvo veřejného zdravotnictví a tělesné výchovy  |c 1920 
300 |a 22 strán, 1 rozkladacia mapa  |b fotografie, ilustrácie, mapy  |c 23 cm 
500 |a Ilustrácia na titulnej strane. Poznámky pod čiarou 
500 |a S mapkami a illustráciami 
500 |a Zvláštny odtlačok z Almanachu Lázeňského Československé republiky 1920 
650 0 7 |a vysokohorská turistika  |2 SNKPH  |9 3260 
650 0 7 |a balneológia  |2 SNKPH  |9 4393 
651 7 |a Tatry (Slovensko : región)  |2 SNKPHgeo  |9 59212 
651 7 |a Slovensko  |2 SNKPHgeo  |9 14231 
655 7 |a štúdie  |2 SNKPH  |9 57033 
655 7 |a separáty  |2 SNKPH  |9 70334 
752 |a Česko  |d Praha 
852 |a Slovenská národná knižnica 
954 |a odborná, vedecká literatúra cudzojazyčná (svetová)  |2 lita 
958 |a RK 
958 |a TL 
958 |a CZ 
958 |a ONDV 
999 |c 1021913  |d 1023843 
952 |a SNK  |b SNK  |y PREZ  |7 0  |p 17A0715459  |o snkSC 1096/12  |i snk254/31  |0 0  |1 0  |4 0  |d 2024-04-16  |f 1  |l 0  |r 2025-06-04 00:00:00  |w 2026-02-24